The professional's guide to successful management : The eight essentials for running your firm practice or partnership

Bibliographic Details
Main Author: O'connor, Carol A.
Format: Book
Published: London : McGraw Hill , 1994
Subjects:

MARC

LEADER 00000cam a2200000 7i4500
001 0000000493
005 20050506.0
020 |a 007707999x 
040 |a INS 
090 0 0 |a HD31.   |b O17 1994 
100 0 |a O'connor, Carol A. 
245 1 4 |a The professional's guide to successful management :   |b The eight essentials for running your firm practice or partnership   |c Carol A. O'connor 
260 |a London :   |b McGraw Hill ,   |c 1994 
300
650 0 0 |a Management 
999 |a 0000006577   |b BOOK   |c Open Shelf   |e Default branch